000 00480nam a22001817a 4500
003 MPLRDC
005 20220104193811.0
008 210129b ||||| |||| 00| 0 eng d
020 _a978-7-208-06951-0
082 _a885.578 DOM
100 _aCARLOS MARIA DOMINGUEZ
245 _a纸房子
_c陈建铭 译
250 _a一版二刷
260 _a中国
_b上海人民出版社
_c2009
300 _b
650 _a乌拉圭文学-- 长篇小说
942 _cBK
_o885.578 DOM
999 _c65378
_d65368